| 000 | 00550nam a22001937a 4500 | ||
|---|---|---|---|
| 999 |
_c50488 _d50488 |
||
| 005 | 20210325200617.0 | ||
| 008 | s2006 eng d | ||
| 040 | _aNALT | ||
| 041 | _aeng | ||
| 050 |
_aDS 559.93.H8 _bN48F 2006 |
||
| 100 | 0 | _aNguyen the Thuc | |
| 245 | 1 | 0 |
_aThe former capital of Hue : _bonce upon a golden age / _cNguyen the Thuc |
| 260 |
_aVietnam : _bNXB Thong Tan, _c2006. |
||
| 300 |
_a110 p. : _b ill. ; _c 21x26 cm. |
||
| 650 | 0 | 4 | _aHue (Vietnam) -- Pictorial works |
| 850 | _aNALT | ||
| 942 |
_cGB _2lcc |
||